Metodología para la evaluación de socavación y propuesta de técnica de solución en puentes carreteros

Presenta la metodología para la evaluación de socavación y propuesta de técnica de solución en puentes carreteros, mediante la actualización de los componentes hidrológicos de la cuenca que tributa al puente estudiado, se determina teóricamente la socavación en las funciones del puente por...

Full description

Bibliographic Details
Main Authors: Altamirano Rocha, Armando J., González Paredes, Marcos A.
Other Authors: Tutor: Beira Fontaine,Eduardo
Format: Tesis Section = Libro
Language:Undetermined
Spanish
Published: Managua UNI 2014
Subjects:
LEADER 01289nam a2200253Ia 4500
008 240830s9999 xx 000 0 und d
040 |a BIBLIOTECA-RUPAP M.Mon 624.2 A465 
041 |a spa 
082 |a M.Mon 624.2 A465 
100 1 |a Altamirano Rocha, Armando J. 
100 1 |b González Paredes, Marcos A. 
245 1 0 |a Metodología para la evaluación de socavación y propuesta de técnica de solución en puentes carreteros 
260 |a Managua  |b UNI  |c 2014 
300 |a 163 p. :il. 
500 |a Contiene: anexos. 
502 |a Tesis (Máster en Vías Terrestres)- UNI, 2014. 
520 3 |a Presenta la metodología para la evaluación de socavación y propuesta de técnica de solución en puentes carreteros, mediante la actualización de los componentes hidrológicos de la cuenca que tributa al puente estudiado, se determina teóricamente la socavación en las funciones del puente por medio de teorías existentes y la comparación con las mediciones reales, se elaboró una metodología de la evaluación de la socavación de puentes. 
650 7 |a PUENTES 
650 7 |b PUENTES-DISEÑO Y CONSTRUCCIÓN 
650 7 |c  PUENTES-MANTENIMIENTO Y REPARACIÓN 
700 1 |a Tutor:  |b Beira Fontaine,Eduardo 
942 |c BK  |2 ddc 
991 |a TESIS 
999 |c 15214